Fundamentals of Financial Management 21/e

Gorde:
Xehetasun bibliografikoak
Egile nagusia: Rustagi
Formatua: Liburua
Argitaratua: Taxmann
Etiketak: Etiketa erantsi
Etiketarik gabe, Izan zaitez lehena erregistro honi etiketa jartzen!

MARC

LEADER 00000nam a2200000Ia 4500
005 20260513122050.0
020 |a 9789375613756 
100 |a Rustagi 
365 |c Rs. 
365 |b 20.00 
942 |c BK 
245 |a Fundamentals of Financial Management 21/e 
260 |b Taxmann 
999 |c 41  |d 41 
952 |0 0  |1 0  |4 0  |7 0  |a UNSW  |b UNSW  |d 2026-05-06  |g 725.00  |i 16684  |l 0  |p 000120  |r 2026-05-13 12:20:50  |v 725.00  |w 2026-05-13  |y BK